Knowledge Management : Challenges, Solutions, and Technologies (Record no. 87651)

MARC details
000 -LEADER
fixed length control field 00560nam a2200193Ia 4500
008 - FIXED-LENGTH DATA ELEMENTS--GENERAL INFORMATION
fixed length control field 230125s9999 xx 000 0 und d
020 ## - INTERNATIONAL STANDARD BOOK NUMBER
International Standard Book Number 978-81-317-2430-9
041 ## - LANGUAGE CODE
Language code of text/sound track or separate title eng
082 ## - DEWEY DECIMAL CLASSIFICATION NUMBER
Classification number 001
Item number FER/GON
100 ## - MAIN ENTRY--PERSONAL NAME
Personal name Fernandez I B
9 (RLIN) 110802
245 ## - TITLE STATEMENT
Title Knowledge Management : Challenges, Solutions, and Technologies
260 ## - PUBLICATION, DISTRIBUTION, ETC. (IMPRINT)
Date of publication, distribution, etc. 2009
Name of publisher, distributor, etc. Pearson Education
Place of publication, distribution, etc. New Delhi
300 ## - PHYSICAL DESCRIPTION
Extent 406p
500 ## - GENERAL NOTE
Keywords Knowledge management
650 ## - SUBJECT ADDED ENTRY--TOPICAL TERM
Topical term or geographic name as entry element Management
700 ## - ADDED ENTRY--PERSONAL NAME
Personal name Fernandez I B; Gonzalez A & Sabherwal R
9 (RLIN) 110803
906 ## - LOCAL DATA ELEMENT F, LDF (RLIN)
b 83
Holdings
Withdrawn status Lost status Damaged status Not for loan Home library Current library Date acquired Vendor Cost, normal purchase price Bill number Total Checkouts Full call number Barcode Date last seen Cost, replacement price Bill Date Koha item type Original Barcode
        Smt. Hiraben Nanavati Institute of Management & Research for Women Smt. Hiraben Nanavati Institute of Management & Research for Women 06/12/2010 Forward Books 375.00 4371   001 FER/GON B09326 HIMR-BK-9326 25/01/2023 292.00 22/11/2010 Books B09326